Газоперерабатывающие заводы. Современное состояние газоперерабатывающей промышленности РФ и стран ближнего зарубежья: [учебное пособие]

書誌詳細
第一著者: Колокольцев С. Н. Сергей Николаевич
要約:В учебном пособии изложено современное состояние газоперерабатывающей промышленности Российской Федерации и стран ближнего зарубежья, в которых добывается и перерабатывается углеводородное сырье. Приведены сведения о технологиях подготовки и переработки углеводородных газов, производственных схемах газоперерабатывающих заводов. Книга содержит современные данные о газоперерабатывающих заводах, расположенных в Российской Федерации и ближнем зарубежье, включая их государственную принадлежность, сведения о собственниках предприятий, карты государств с расположением заводов, данные о производственных мощностях, технологические схемы производств с указанием года их ввода в эксплуатацию, описание и схемы методов подготовки и переработки газа, перечни выпускаемой продукции, сведения об истории создания предприятий, модернизации их производств. Издание предназначено для преподавателей, бакалавров, магистрантов высшей школы по направлениям подготовки "Нефтехимия", "Химическая технология", "Газохимия", а также специалистов по подготовке и переработке углеводородного сырья.
言語:ロシア語
出版事項: Москва, URSS, 2017
主題:
フォーマット: 図書
KOHA link:https://koha.lib.tpu.ru/cgi-bin/koha/opac-detail.pl?biblionumber=327976

MARC

LEADER 00000nam0a2200000 4500
001 327976
005 20231102004020.0
010 |a 9785971042433 
035 |a (RuTPU)RU\TPU\book\353665 
090 |a 327976 
100 |a 20170208d2017 m y0rusy50 ca 
101 0 |a rus 
102 |a RU 
105 |a a j 001zy 
200 1 |a Газоперерабатывающие заводы. Современное состояние газоперерабатывающей промышленности РФ и стран ближнего зарубежья  |e [учебное пособие]  |f С. Н. Колокольцев 
210 |a Москва  |c URSS  |c ЛЕНАНД  |d 2017 
215 |a 230 с.  |c ил. 
320 |a Библиография в конце глав 
330 |a В учебном пособии изложено современное состояние газоперерабатывающей промышленности Российской Федерации и стран ближнего зарубежья, в которых добывается и перерабатывается углеводородное сырье. Приведены сведения о технологиях подготовки и переработки углеводородных газов, производственных схемах газоперерабатывающих заводов. Книга содержит современные данные о газоперерабатывающих заводах, расположенных в Российской Федерации и ближнем зарубежье, включая их государственную принадлежность, сведения о собственниках предприятий, карты государств с расположением заводов, данные о производственных мощностях, технологические схемы производств с указанием года их ввода в эксплуатацию, описание и схемы методов подготовки и переработки газа, перечни выпускаемой продукции, сведения об истории создания предприятий, модернизации их производств. Издание предназначено для преподавателей, бакалавров, магистрантов высшей школы по направлениям подготовки "Нефтехимия", "Химическая технология", "Газохимия", а также специалистов по подготовке и переработке углеводородного сырья. 
606 1 |a Газоперерабатывающие заводы  |2 stltpush  |3 (RuTPU)RU\TPU\subj\33985  |9 56070 
610 1 |a углеводородные газы 
610 1 |a переработка 
610 1 |a Россия 
610 1 |a ближнее зарубежье 
610 1 |a производственные схемы 
610 1 |a подготовка 
610 1 |a охлаждение 
610 1 |a осушка 
610 1 |a компримирование 
610 1 |a сепарация 
610 1 |a очистка 
610 1 |a учебные пособия 
675 |a 665.632.013(075.8)  |v 4 
700 1 |a Колокольцев  |b С. Н.  |g Сергей Николаевич 
801 1 |a RU  |b 63413507  |c 20170208 
801 2 |a RU  |b 63413507  |c 20200124  |g RCR 
942 |c BK 
959 |a 2/20170120  |d 1  |e 0  |f ЧЗТЛ:1